Go Go Juice - Sabrina Carpenter (All Lyrics) - Statistics

General Stats
  • This quiz has been taken 374 times
    225 since last reset
  • The average score is 333 of 419
Answer Stats
Lyrics % Correct
a
99%
A
99%
I
99%
on
97%
go
96%
when
96%
who
96%
be
94%
I'm
94%
that
94%
is
93%
juice,
93%
just
93%
Just
93%
bit
92%
drunk
92%
little
92%
No
92%
who's
92%
been
91%
been?
91%
call
91%
call,
91%
girl
91%
(Girl
91%
Some
91%
someone
91%
the
91%
to
91%
Oh,
90%
(Oh
90%
oh)
90%
Could
89%
drinking
89%
say?
89%
say
89%
up
89%
up?
89%
do
88%
feelin'
88%
Love
88%
love?
88%
my
88%
nobody
88%
or
88%
Or
88%
way
88%
Ain't
87%
knows
87%
Can't
86%
can't
86%
if
86%
If
86%
in
86%
John
86%
Larry,
86%
one
86%
safe
86%
her
85%
Sipping
84%
Tuesday
84%
dumped
83%
dumped)
83%
gosh,
83%
"villain"
83%
an
82%
with
82%
it's
81%
liquor
81%
me,
81%
me
81%
happy
80%
you
80%
rhymes
79%
at
78%
hour
78%
we
78%
woke
78%
blamed
77%
broken
77%
good
77%
am
76%
care
76%
doesn't
76%
heart
76%
10
75%
Guess
75%
(How
75%
o'clock
75%
old
75%
still
74%
comes
73%
not
73%
fashioned
72%
pain
72%
Ba
71%
club
70%
think
70%
party
69%
yeah,
69%
and
68%
boy
67%
fun
67%
goin'
67%
have
67%
Ring,
67%
ring,
67%
that's
67%
didn't
66%
invitations,
66%
super
66%
important
65%
pick
65%
sure
65%
but
64%
different
64%
for
64%
you'd
64%
da
63%
da,
63%
now
63%
numbers,
62%
tryin'
62%
numbs
61%
fruity
60%
Got
59%
How's
59%
how's
59%
lie,
59%
right
59%
shots
59%
What's
59%
you're
59%
many
58%
tough
58%
double
57%
Should
57%
vision,
57%
baby,
56%
might
56%
fuck
54%
well,
54%
spot
52%
soft
51%
week's
51%
whole
49%
ounce?)
48%
hooks
47%
irrelevant
46%
every
45%
miss
44%
about
43%
(Answer
43%
are
42%
minute
41%
bev'
39%
disinterested
39%
yous
38%
Bye,
35%
um,
30%
town?)
28%
mm
25%
No matching quizzes found
Score Distribution
Percent of People with Each Score
Percentile by Number Answered
Your Score History
You have not taken this quiz since the last reset